[Event "25th Abu Dhabi Master 2018"]
[Site "Abu Dhabi"]
[Date "2018.08.11"]
[Round "4"]
[White "Mansour, Sameer"]
[Black "Ivana Maria, Furtado"]
[Result "1/2-1/2"]
[WhiteElo "2275"]
[BlackElo "2146"]
[Annotator "NA"]
[PlyCount "146"]
[EventDate "2018.08.05"]
[EventType "swiss"]
[EventCountry "UAE"]
[SourceTitle "playchess.com"]
[Source "ChessBase"]
[SourceQuality "1"]

1. Nf3 d5 2. g3 c5 3. Bg2 Nf6 4. O-O g6 5. d3 Bg7 6. a3 O-O 7. Nc3 d4 8. Na4 Nbd7 9. c4 dxc3 10. Nxc3 Nb6 11. Be3 Nfd5 12. Nxd5 Nxd5 13. Bxc5 Bxb2 14. Rb1 Bf6 15. Qd2 b6 16. Bd4 Bb7 17. Qh6 Bxd4 18. Nxd4 e5 19. Nf3 Qe7 20. Rfc1 Rac8 21. Rc4 Rxc4 22. dxc4 Nc3 23. Re1 Bxf3 24. exf3 Qxa3 25. Qe3 Re8 26. Bf1 Qb2 27. f4 e4 28. f5 Na4 29. h4 Qf6 30. fxg6 hxg6 31. Qa3 Nc5 32. Qxa7 e3 33. Rxe3 Rxe3 34. fxe3 Qf3 35. Qb8+ Kg7 36. Qf4 Qxf4 37. exf4 Kf6 38. Kg2 Ke6 39. Kf3 f5 40. Ke3 Ne4 41. g4 Nd6 42. g5 Ne4 43. Be2 Kd6 44. Kd4 Nc5 45. h5 Ne6+ 46. Ke3 gxh5 47. Bxh5 Kc5 48. Bf7 Ng7 49. Kd3 Kc6 50. Kd4 Kd6 51. Bd5 Nh5 52. g6 Ng7 53. Bf7 Nh5 54. Bd5 Ng7 55. Bf3 Ne6+ 56. Ke3 Ke7 57. Bd5 Ng7 58. Kd4 Kf6 59. Bf7 Nh5 60. Ke3 Ng7 61. Kf2 Nh5 62. Kf3 Kg7 63. Be8 Kf6 64. Ke3 Ng7 65. Bf7 Nh5 66. Kf3 Kg7 67. Ke3 Kf6 68. Be8 Ng7 69. Ba4 Kxg6 70. Kd4 Kf6 71. Kd5 Ne6 72. Kc6 Nxf4 73. Kxb6 Nd3 1/2-1/2

[Event "25th Abu Dhabi Master 2018"]
[Site "Abu Dhabi"]
[Date "2018.08.11"]
[Round "4"]
[White "Kushagra Mohan"]
[Black "Raetsky, Alexander"]
[Result "0-1"]
[WhiteElo "2270"]
[BlackElo "2380"]
[Annotator "NA"]
[PlyCount "90"]
[EventDate "2018.08.05"]
[EventType "swiss"]
[EventCountry "UAE"]
[SourceTitle "playchess.com"]
[Source "ChessBase"]
[SourceQuality "1"]

1. e4 c5 2. Nf3 Nc6 3. d4 cxd4 4. Nxd4 Qb6 5. Nb3 Nf6 6. Nc3 e6 7. Be3 Qc7 8. a3 a6 9. f4 d6 10. Be2 Be7 11. O-O b5 12. Qe1 O-O 13. Bf3 Rb8 14. Qf2 Rd8 15. g4 Nd7 16. g5 Nb6 17. Nd2 b4 18. Ne2 bxa3 19. Rxa3 d5 20. Rd3 a5 21. Nd4 Na4 22. exd5 Nxd4 23. Bxd4 Ba6 24. c4 Nxb2 25. Rc3 Na4 26. Be5 Bd6 27. Ra3 Nc5 28. Bxd6 Rxd6 29. Rfa1 a4 30. Re1 Rdb6 31. Qd4 Qd6 32. f5 exf5 33. Rae3 Rf8 34. Bg2 Bc8 35. Nf3 Bd7 36. Ne5 Rb3 37. R3e2 a3 38. Kh1 Ba4 39. Qf4 g6 40. Qh4 Rb2 41. Re3 a2 42. Rh3 h5 43. Ra3 Re8 44. Qd4 Rb1 45. Rg1 Qxe5 0-1

[Event "25th Abu Dhabi Master 2018"]
[Site "Abu Dhabi"]
[Date "2018.08.11"]
[Round "4"]
[White "Mohota, Nisha"]
[Black "Al-Hajiri, Bader"]
[Result "1-0"]
[WhiteElo "2268"]
[BlackElo "2120"]
[Annotator "NA"]
[PlyCount "51"]
[EventDate "2018.08.05"]
[EventType "swiss"]
[EventCountry "UAE"]
[SourceTitle "playchess.com"]
[Source "ChessBase"]
[SourceQuality "1"]

1. d4 d5 2. c4 c6 3. Nf3 Nf6 4. Nc3 e6 5. g3 dxc4 6. Bg2 b5 7. Ne5 Qb6 8. a4 Bb7 9. O-O a6 10. b3 cxb3 11. Qxb3 Nbd7 12. Nxd7 Nxd7 13. Be3 Qd8 14. axb5 axb5 15. Nxb5 Rxa1 16. Rxa1 Qb6 17. Ra7 cxb5 18. Rxb7 Qa6 19. Qc2 Qa1+ 20. Bc1 Qxd4 21. Qc8+ Ke7 22. Rxd7+ Qxd7 23. Ba3+ Kf6 24. Qxd7 Bxa3 25. Qd4+ e5 26. Qb6+ 1-0

[Event "25th Abu Dhabi Master 2018"]
[Site "Abu Dhabi"]
[Date "2018.08.11"]
[Round "4"]
[White "Aaryan Varshney"]
[Black "Mayank Pal"]
[Result "1-0"]
[WhiteElo "2261"]
[BlackElo "2100"]
[Annotator "NA"]
[PlyCount "103"]
[EventDate "2018.08.05"]
[EventType "swiss"]
[EventCountry "UAE"]
[SourceTitle "playchess.com"]
[Source "ChessBase"]
[SourceQuality "1"]

1. d4 Nf6 2. Nf3 e6 3. c4 b6 4. g3 Ba6 5. b3 Bb4+ 6. Bd2 Be7 7. Nc3 d5 8. Bg2 O-O 9. cxd5 exd5 10. O-O Bb7 11. Qc2 c6 12. Rfd1 Nbd7 13. Bf4 Rc8 14. Qb2 Re8 15. Rac1 Nh5 16. Bd2 Nhf6 17. Bh3 Bd6 18. Bf4 Qe7 19. Bxd6 Qxd6 20. e3 Rc7 21. Rc2 Ba6 22. Rcd2 g6 23. Rc1 Re7 24. a4 h6 25. b4 Bc4 26. Rdc2 a6 27. b5 cxb5 28. axb5 Bd3 29. bxa6 Bxc2 30. Nb5 Qc6 31. Nxc7 Qxc7 32. Rxc2 Qa7 33. Qb5 Nb8 34. Bc8 Ne8 35. Qxd5 Nxa6 36. Bxa6 Qxa6 37. Qd8 Qb7 38. Ne5 Kg7 39. Rc8 b5 40. Rb8 Qc7 41. Qxc7 Nxc7 42. Rb7 Kf6 43. Nc6 Rd7 44. Na7 b4 45. Nb5 b3 46. Rxc7 b2 47. Rc6+ Ke7 48. Nc3 Ra7 49. Rb6 Ra1+ 50. Kg2 Rc1 51. Nd5+ Kd7 52. Rxb2 1-0

[Event "25th Abu Dhabi Master 2018"]
[Site "Abu Dhabi"]
[Date "2018.08.11"]
[Round "4"]
[White "Alinasab, Mobina"]
[Black "Kunte, Abhijit"]
[Result "0-1"]
[WhiteElo "2259"]
[BlackElo "2485"]
[Annotator "ChessBase"]
[PlyCount "76"]
[EventDate "2018.08.05"]
[EventType "swiss"]
[EventCountry "UAE"]
[SourceTitle "playchess.com"]
[Source "ChessBase"]
[SourceQuality "1"]

1. e4 c5 2. Nf3 e6 3. d4 cxd4 4. Nxd4 a6 5. c4 Nf6 6. Nc3 Qc7 7. Be2 d6 8. O-O Be7 9. f4 Nc6 10. Nb3 b6 11. Be3 O-O 12. Rc1 Na7 13. g4 Bb7 14. Bd3 Nd7 15. Nd4 Rae8 16. g5 Bd8 17. Bb1 g6 18. h4 f5 19. exf5 gxf5 20. Kh2 Rf7 21. Rg1 Nf8 22. h5 Nc6 23. g6 hxg6 24. hxg6 Rg7 25. Nd5 Qd7 26. Nxc6 Bxc6 27. Nxb6 Qe7 28. Qh5 Qf6 29. Kg3 Nxg6 30. Kf2 Bxb6 31. Bxb6 Qxb2+ 32. Rc2 Qxb6+ 33. c5 Qb4 34. Rxg6 Qxf4+ 35. Kg1 Rb8 36. Rxg7+ Kxg7 37. Qd1 Qg3+ 38. Kf1 Bb5+ 0-1

[Event "25th Abu Dhabi Master 2018"]
[Site "Abu Dhabi"]
[Date "2018.08.11"]
[Round "4"]
[White "Navalgund, Niranjan"]
[Black "Moayed, Obied"]
[Result "1-0"]
[WhiteElo "2255"]
[BlackElo "2146"]
[Annotator "NA"]
[PlyCount "142"]
[EventDate "2018.08.05"]
[EventType "swiss"]
[EventCountry "UAE"]
[SourceTitle "playchess.com"]
[Source "ChessBase"]
[SourceQuality "1"]

1. d4 d5 2. Nf3 Nf6 3. c4 e6 4. Nc3 Be7 5. Bf4 O-O 6. e3 Nbd7 7. c5 c6 8. Bd3 b6 9. b4 a5 10. a3 Ba6 11. O-O Bxd3 12. Qxd3 axb4 13. axb4 Qc8 14. h3 Qb7 15. g4 Rxa1 16. Rxa1 Ra8 17. Rb1 Ra3 18. Nd2 h6 19. Bg3 Qa8 20. Nb3 bxc5 21. bxc5 Bd8 22. Rb2 Ba5 23. Nb1 Ra4 24. Nxa5 Qxa5 25. f3 Ra2 26. Qd2 Qxd2 27. Rxd2 Ra1 28. Rb2 Kf8 29. Bd6+ Ke8 30. Kf2 Kd8 31. Nd2 Ne8 32. Nb3 Ra7 33. Rc2 Nc7 34. Nc1 Nb5 35. Nd3 Ra4 36. h4 f6 37. Nf4 e5 38. Ne6+ Ke8 39. dxe5 Nxe5 40. Bxe5 fxe5 41. Nxg7+ Kf7 42. Nf5 Kg6 43. Ne7+ Kf6 44. Nxc6 d4 45. exd4 exd4 46. Rd2 Ke6 47. Nd8+ Kd5 48. Nf7 Ra6 49. g5 hxg5 50. h5 Rf6 51. Nxg5 Nc3 52. Kg3 Kxc5 53. Nh3 Nd5 54. Nf2 Nc3 55. Ng4 Rf8 56. h6 Rh8 57. Kh4 Nd5 58. Kh5 Kc4 59. Ne5+ Kc5 60. Kg6 Nf4+ 61. Kg7 Re8 62. h7 Nh5+ 63. Kf7 Rh8 64. Kg6 Nf4+ 65. Kg7 Ra8 66. Nd7+ Kc6 67. Nf8 Nh5+ 68. Kf7 Ra7+ 69. Kg6 Nf4+ 70. Kh6 Ra1 71. Rh2 Kd5 1-0

[Event "25th Abu Dhabi Master 2018"]
[Site "Abu Dhabi"]
[Date "2018.08.11"]
[Round "4"]
[White "Rayes, Abdul Kader"]
[Black "Rapport, Jovana"]
[Result "1-0"]
[WhiteElo "2242"]
[BlackElo "2354"]
[Annotator "NA"]
[PlyCount "125"]
[EventDate "2018.08.05"]
[EventType "swiss"]
[EventCountry "UAE"]
[SourceTitle "playchess.com"]
[Source "ChessBase"]
[SourceQuality "1"]

1. c4 b6 2. Nc3 Bb7 3. e4 e5 4. a3 Nc6 5. d3 a5 6. Be3 Bc5 7. Bxc5 bxc5 8. Qg4 g6 9. O-O-O h5 10. Qg3 h4 11. Qe3 Nd4 12. f4 Qf6 13. fxe5 Qxe5 14. Nf3 Nxf3 15. gxf3 g5 16. Bh3 Ne7 17. Na4 d6 18. Rd2 Ng6 19. Bf5 Qf4 20. Qxf4 Nxf4 21. Rg1 Rg8 22. Nc3 Ke7 23. Re1 f6 24. Nb5 c6 25. Nc3 Bc8 26. d4 cxd4 27. Rxd4 Rd8 28. Nd1 Bxf5 29. exf5+ Kf7 30. Nc3 d5 31. cxd5 cxd5 32. Kb1 Rac8 33. Red1 Rc5 34. Na4 Rc7 35. Nc3 Rcd7 36. R1d2 Re8 37. Ra4 Re5 38. Rxa5 Rxf5 39. Nb5 Ne6 40. Rd3 Rf4 41. Nc3 Rd4 42. Kc2 Rxd3 43. Kxd3 Nf4+ 44. Kd4 Ne6+ 45. Kd3 d4 46. Ne2 Rd6 47. b4 Kg6 48. a4 f5 49. Ra8 g4 50. fxg4 fxg4 51. Rh8 Kg5 52. a5 Nc7 53. Rg8+ Kf5 54. Nxd4+ Kf4 55. Rf8+ Kg5 56. Rf5+ Kg6 57. Re5 g3 58. hxg3 h3 59. Kc4 Nd5 60. Nf3 Rf6 61. Nh4+ Kf7 62. Rxd5 Rf1 63. Rd2 1-0

[Event "25th Abu Dhabi Master 2018"]
[Site "Abu Dhabi"]
[Date "2018.08.11"]
[Round "4"]
[White "Pranavananda V"]
[Black "Akash G"]
[Result "0-1"]
[WhiteElo "2232"]
[BlackElo "2410"]
[Annotator "TA"]
[PlyCount "72"]
[EventDate "2018.08.05"]
[EventType "swiss"]
[EventCountry "UAE"]
[SourceTitle "playchess.com"]
[Source "ChessBase"]
[SourceQuality "1"]

1. Nf3 Nf6 2. c4 g6 3. d4 Bg7 4. Nc3 O-O 5. e4 d6 6. Be2 e5 7. O-O Nc6 8. d5 Ne7 9. Qc2 Nh5 10. Rd1 h6 11. g3 f5 12. Nh4 Nf6 13. exf5 Nxf5 14. Nxg6 Re8 15. Nh4 Nxh4 16. gxh4 e4 17. Bf4 Bf5 18. Nb5 Ng4 19. Qb3 e3 20. fxe3 Qxh4 21. Bg3 Qg5 22. Bxg4 Bxg4 23. Re1 Re7 24. c5 Bf3 25. cxd6 cxd6 26. e4 Bxe4 27. Rad1 Kh8 28. Qb4 Bf3 29. Rxe7 Qxe7 30. Re1 Qg5 31. Nc7 a5 32. Qa4 Qd2 33. Bf2 Rg8 34. Re8 Bf8+ 35. Kf1 Bg2+ 36. Kg1 Be4+ 0-1

[Event "25th Abu Dhabi Master 2018"]
[Site "Abu Dhabi"]
[Date "2018.08.11"]
[Round "4"]
[White "Vantika Agrawal"]
[Black "Zuo, Yifan"]
[Result "1/2-1/2"]
[WhiteElo "2225"]
[BlackElo "2334"]
[Annotator "NA"]
[PlyCount "134"]
[EventDate "2018.08.05"]
[EventType "swiss"]
[EventCountry "UAE"]
[SourceTitle "playchess.com"]
[Source "ChessBase"]
[SourceQuality "1"]

1. d4 Nf6 2. Nf3 e6 3. c4 Bb4+ 4. Bd2 Qe7 5. g3 O-O 6. Bg2 Bxd2+ 7. Qxd2 d6 8. Nc3 e5 9. O-O c6 10. e4 Bg4 11. Nh4 exd4 12. Qxd4 Qe5 13. Qe3 Na6 14. h3 Be6 15. b3 Rfd8 16. Rad1 Qc5 17. Qxc5 Nxc5 18. f4 Ne8 19. Rd2 f6 20. Rfd1 Rdc8 21. Nf5 Bxf5 22. exf5 a5 23. Re1 Kf8 24. Rde2 Rc7 25. Re3 Rd7 26. g4 Nc7 27. Rd1 Rad8 28. Rd4 N7a6 29. Re2 Re7 30. Rxe7 Kxe7 31. Rd2 Kd7 32. Kf2 Ra8 33. Bf1 a4 34. bxa4 Nc7 35. Be2 Nxa4 36. Ne4 Ne8 37. Bd1 Kc7 38. Bb3 Nc5 39. Nxc5 dxc5 40. Re2 Kd7 41. Ke3 Nd6 42. Kd3 Re8 43. Rxe8 Kxe8 44. a4 Kd7 45. a5 Kc7 46. Bc2 Kb8 47. Kc3 Ne8 48. Kb3 Nc7 49. Be4 Na6 50. Bd3 Ka7 51. Be4 Kb8 52. Bd3 Ka8 53. Bc2 Nb4 54. Be4 Ka7 55. Bb1 Ka6 56. Ka4 h6 57. h4 Ka7 58. Kb3 Kb8 59. Kc3 Ka8 60. Kb2 Kb8 61. Kc3 Kc7 62. Kd2 Kd6 63. Ke3 Kc7 64. Kd2 Kd7 65. Ke2 Ke7 66. Kd2 Kd6 67. Ke3 b6 1/2-1/2

[Event "25th Abu Dhabi Master 2018"]
[Site "Abu Dhabi"]
[Date "2018.08.11"]
[Round "4"]
[White "Gajwa Ankit"]
[Black "Bartakke, Amardeep S"]
[Result "1-0"]
[WhiteElo "2223"]
[BlackElo "2133"]
[Annotator "NA"]
[PlyCount "65"]
[EventDate "2018.08.05"]
[EventType "swiss"]
[EventCountry "UAE"]
[SourceTitle "playchess.com"]
[Source "ChessBase"]
[SourceQuality "1"]

1. e4 c5 2. Nf3 d6 3. d4 cxd4 4. Nxd4 Nf6 5. Nc3 Nc6 6. Bg5 e6 7. Qd2 a6 8. O-O-O Bd7 9. f4 b5 10. Bxf6 gxf6 11. Kb1 Qb6 12. Nxc6 Bxc6 13. f5 b4 14. Ne2 Bxe4 15. fxe6 fxe6 16. Nf4 d5 17. Bd3 Bxd3 18. Qxd3 O-O-O 19. Rhe1 Rd6 20. Rxe6 Rxe6 21. Qf5 Kd7 22. Re1 Bd6 23. Rxe6 Qb8 24. Nxd5 Rd8 25. Nxf6+ Kc7 26. Qxh7+ Kc8 27. Qf5 Kb7 28. Qe4+ Ka7 29. Qd4+ Ka8 30. Ne4 Qb5 31. a4 bxa3 32. Rxd6 a2+ 33. Ka1 1-0

[Event "25th Abu Dhabi Master 2018"]
[Site "Abu Dhabi"]
[Date "2018.08.11"]
[Round "4"]
[White "Dushyant Sharma"]
[Black "Rathanvel, V S"]
[Result "1/2-1/2"]
[WhiteElo "2221"]
[BlackElo "2348"]
[Annotator "NA"]
[PlyCount "40"]
[EventDate "2018.08.05"]
[EventType "swiss"]
[EventCountry "UAE"]
[SourceTitle "playchess.com"]
[Source "ChessBase"]
[SourceQuality "1"]

1. e4 c5 2. Nf3 d6 3. d4 cxd4 4. Nxd4 Nf6 5. Nc3 a6 6. Bc4 e6 7. Bb3 b5 8. O-O Be7 9. Qf3 Qc7 10. Qg3 Nc6 11. Nf5 exf5 12. Qxg7 Rf8 13. Bg5 b4 14. Bxf6 bxc3 15. Bxc3 f4 16. Qh6 f3 17. gxf3 Bd7 18. Kh1 O-O-O 19. Bd5 f5 20. Rae1 fxe4 1/2-1/2

[Event "25th Abu Dhabi Master 2018"]
[Site "Abu Dhabi"]
[Date "2018.08.11"]
[Round "4"]
[White "Adnan, Habib Hana"]
[Black "Sammed Jaykumar, Shete"]
[Result "0-1"]
[WhiteElo "2220"]
[BlackElo "2314"]
[Annotator "NA"]
[PlyCount "86"]
[EventDate "2018.08.05"]
[EventType "swiss"]
[EventCountry "UAE"]
[SourceTitle "playchess.com"]
[Source "ChessBase"]
[SourceQuality "1"]

1. d4 Nf6 2. Nf3 g6 3. c4 Bg7 4. Nc3 d5 5. Bg5 Ne4 6. Bh4 Nxc3 7. bxc3 c6 8. e3 O-O 9. Bd3 Nd7 10. cxd5 cxd5 11. Qb3 Nf6 12. O-O b6 13. Ne5 Be6 14. a4 Rc8 15. f3 Ne8 16. Ba6 Rc7 17. Bg3 Nd6 18. a5 bxa5 19. Nd3 Rc6 20. Nc5 Nf5 21. Bf2 Rxc5 22. dxc5 d4 23. Bc4 dxe3 24. Bg3 Bxc4 25. Qxc4 Nxg3 26. Rfd1 Qc7 27. hxg3 Qxg3 28. Ra2 Be5 29. Qg4 Qh2+ 30. Kf1 Bxc3 31. Rc2 h5 32. Qh3 Qe5 33. Ke2 Bd2 34. Qd7 Qg3 35. c6 Qxg2+ 36. Kd3 Qxf3 37. Rb1 e6 38. Rcb2 Bb4 39. c7 e2+ 40. Kc4 Qc3+ 41. Kb5 e1=Q 42. Rxe1 Qxb2 43. Re4 Bd6+ 0-1

[Event "25th Abu Dhabi Master 2018"]
[Site "Abu Dhabi"]
[Date "2018.08.11"]
[Round "4"]
[White "Samant Aditya S"]
[Black "Panda Sambit"]
[Result "1-0"]
[WhiteElo "2217"]
[BlackElo "2043"]
[Annotator "NA"]
[PlyCount "157"]
[EventDate "2018.08.05"]
[EventType "swiss"]
[EventCountry "UAE"]
[SourceTitle "playchess.com"]
[Source "ChessBase"]
[SourceQuality "1"]

1. e4 e5 2. Nf3 Nc6 3. Bb5 a6 4. Ba4 Nf6 5. O-O Be7 6. Re1 b5 7. Bb3 d6 8. c3 O-O 9. h3 Nb8 10. d4 Nbd7 11. Nbd2 Bb7 12. Bc2 Re8 13. Nf1 Bf8 14. Ng3 g6 15. a4 c5 16. d5 c4 17. Be3 Nc5 18. Qe2 Nfd7 19. Ra2 Nb6 20. axb5 axb5 21. Rea1 Nba4 22. Qd1 Qc7 23. Nd2 Ra6 24. Nxc4 Nxc3 25. bxc3 Rxa2 26. Rxa2 bxc4 27. Qb1 Bc8 28. Qb5 Bd7 29. Qxc4 Rc8 30. Bxc5 Qxc5 31. Qxc5 Rxc5 32. Ra3 Bh6 33. Bd3 Kf8 34. c4 Bd2 35. Ra7 Ke8 36. Kf1 Bb4 37. Rb7 Ba3 38. Ra7 Bb4 39. Ne2 Ra5 40. Rxa5 Bxa5 41. Nc1 Ba4 42. Ke2 Kd7 43. Bb1 Kc7 44. Nd3 Bb6 45. Kd2 Bd4 46. Bc2 Bd7 47. f3 g5 48. Nc1 h5 49. Ne2 Bf2 50. Nc3 Bd4 51. Nd1 Kb6 52. Kd3 Ka5 53. Nc3 h4 54. Ne2 Bf2 55. Kc3 Be1+ 56. Kb3 Bd2 57. c5 dxc5 58. Bd3 Ba4+ 59. Kb2 Kb4 60. Nc1 Bxc1+ 61. Kxc1 c4 62. Be2 Kc3 63. Bf1 Kd4 64. Be2 Bb5 65. Kd1 Ke3 66. Ke1 c3 67. Bd1 f6 68. Bc2 Bd7 69. Bb1 Ba4 70. d6 Bb5 71. Bc2 Bd7 72. Bb1 Be6 73. Bc2 Kd4 74. Ba4 Ke3 75. Kd1 Kf2 76. d7 Bxd7 77. Bxd7 Kxg2 78. Bg4 Kg3 79. Kc2 1-0

[Event "25th Abu Dhabi Master 2018"]
[Site "Abu Dhabi"]
[Date "2018.08.11"]
[Round "4"]
[White "Sahil, Tickoo"]
[Black "Sarvesh Kumar A"]
[Result "1/2-1/2"]
[WhiteElo "2192"]
[BlackElo "2145"]
[Annotator "NA"]
[PlyCount "70"]
[EventDate "2018.08.05"]
[EventType "swiss"]
[EventCountry "UAE"]
[SourceTitle "playchess.com"]
[Source "ChessBase"]
[SourceQuality "1"]

1. d4 d5 2. Bf4 Nf6 3. e3 c5 4. c3 Nc6 5. Nd2 Qb6 6. Qb3 c4 7. Qc2 g6 8. e4 Nxe4 9. Nxe4 dxe4 10. Bxc4 Bf5 11. Qb3 Qxb3 12. axb3 Bg7 13. Be3 a6 14. b4 O-O 15. Ne2 Rac8 16. Ba2 Rfd8 17. Rd1 Rd7 18. h3 h5 19. Nc1 Rcd8 20. Ke2 Kf8 21. Rd2 e6 22. Rg1 h4 23. Bg5 f6 24. Bxh4 g5 25. Bg3 e5 26. d5 Ne7 27. c4 Nc6 28. Bb1 e3 29. Rdd1 Bxb1 30. dxc6 bxc6 31. fxe3 Rxd1 32. Rxd1 Rxd1 33. Kxd1 Be4 34. h4 g4 35. Nb3 Bd3 1/2-1/2

[Event "25th Abu Dhabi Master 2018"]
[Site "Abu Dhabi"]
[Date "2018.08.11"]
[Round "4"]
[White "Divya Deshmukh"]
[Black "Sultan, Ibrahim"]
[Result "1-0"]
[WhiteElo "2172"]
[BlackElo "2140"]
[Annotator "NA"]
[PlyCount "131"]
[EventDate "2018.08.05"]
[EventType "swiss"]
[EventCountry "UAE"]
[SourceTitle "playchess.com"]
[Source "ChessBase"]
[SourceQuality "1"]

1. e4 e6 2. Nf3 d5 3. Nc3 Nf6 4. e5 Nfd7 5. d4 c5 6. dxc5 Nc6 7. Bf4 Bxc5 8. Bd3 Qc7 9. O-O a6 10. a3 h6 11. Qd2 Qd8 12. Bg3 Nd4 13. Nxd4 Bxd4 14. Rfe1 Qe7 15. Nxd5 exd5 16. e6 O-O 17. exd7 Qxd7 18. Bh7+ Kxh7 19. Qxd4 b5 20. Qb4 Bb7 21. Re7 Qc6 22. Rc7 Qb6 23. Qd6 Qxd6 24. Bxd6 Rfd8 25. Be5 Bc8 26. Rxf7 Rd7 27. Rf3 Re7 28. Bd4 Bg4 29. Re3 Rxe3 30. Bxe3 Re8 31. c3 g6 32. Re1 h5 33. f3 Bf5 34. Kf2 Kg8 35. h3 Kf7 36. g4 Bc2 37. Re2 Bb1 38. Rd2 Ke6 39. Rd4 Rf8 40. Kg3 Bc2 41. Rd2 Bb1 42. Bc5 Rf7 43. Re2+ Kd7 44. Bb4 Bd3 45. Re5 h4+ 46. Kg2 Bc4 47. Bc5 Bb3 48. Bf2 Kd6 49. Re1 g5 50. Be3 Rg7 51. Bd2 Rg8 52. Be3 a5 53. Bd4 Rf8 54. Bg7 Rg8 55. Bf6 Kc5 56. Re5 Kc4 57. Bxg5 Kd3 58. Bxh4 Bc4 59. Bf6 a4 60. h4 Kc2 61. h5 Kxb2 62. h6 Kxa3 63. h7 d4 64. hxg8=Q Bxg8 65. cxd4 b4 66. Be7 1-0

[Event "25th Abu Dhabi Master 2018"]
[Site "Abu Dhabi"]
[Date "2018.08.11"]
[Round "4"]
[White "Senthil Maran K"]
[Black "Gomes, Mary Ann"]
[Result "1-0"]
[WhiteElo "2167"]
[BlackElo "2303"]
[Annotator "NA"]
[PlyCount "71"]
[EventDate "2018.08.05"]
[EventType "swiss"]
[EventCountry "UAE"]
[SourceTitle "playchess.com"]
[Source "ChessBase"]
[SourceQuality "1"]

1. d4 Nf6 2. Nf3 e6 3. g3 b6 4. Bg2 Bb7 5. O-O c5 6. c4 cxd4 7. Qxd4 Nc6 8. Qf4 Be7 9. Nc3 O-O 10. Rd1 d6 11. b3 Qb8 12. Ba3 Rd8 13. Rac1 a6 14. Ng5 h6 15. Nge4 Ne8 16. g4 Ne5 17. Bxd6 Bxd6 18. Nxd6 Bxg2 19. Kxg2 f6 20. Nxe8 Rxe8 21. f3 Ra7 22. Ne4 Rf8 23. Ng3 Raf7 24. c5 bxc5 25. Rxc5 Qb6 26. b4 Ng6 27. Qc4 Kh7 28. Rc6 Qe3 29. Qe4 Qg5 30. h4 Qxh4 31. Rxe6 f5 32. Nxf5 Rxf5 33. Rxg6 Rf4 34. Rd7 R8f7 35. Rxf7 Rxe4 36. Rfxg7+ 1-0

[Event "25th Abu Dhabi Master 2018"]
[Site "Abu Dhabi"]
[Date "2018.08.11"]
[Round "4"]
[White "Esenbek Uulu, Ilimbek"]
[Black "Ali, Nehad"]
[Result "1-0"]
[WhiteElo "2159"]
[BlackElo "2113"]
[Annotator "NA"]
[PlyCount "151"]
[EventDate "2018.08.05"]
[EventType "swiss"]
[EventCountry "UAE"]
[SourceTitle "playchess.com"]
[Source "ChessBase"]
[SourceQuality "1"]

1. d4 d5 2. c4 c6 3. Nc3 Nf6 4. e3 e6 5. Nf3 Nbd7 6. Bd3 Be7 7. O-O O-O 8. e4 dxe4 9. Nxe4 Nxe4 10. Bxe4 Bf6 11. Bf4 Re8 12. Qc2 Nf8 13. Rfd1 Ng6 14. Bg3 Qe7 15. c5 Bd7 16. Bd6 Qd8 17. Bxg6 hxg6 18. b4 b5 19. a4 a6 20. Qd2 Qc8 21. Ra3 Qb7 22. Rda1 Red8 23. h3 Be8 24. Qa2 Ra7 25. axb5 Qxb5 26. Rb1 Rda8 27. Ra5 Qb7 28. Ra4 Bd8 29. Ne5 Qb5 30. Ra3 Rb7 31. Nc4 Rba7 32. Be5 Qb7 33. Nd6 Qd7 34. Ra1 f6 35. Bg3 Bf7 36. Qe2 a5 37. b5 cxb5 38. Qxb5 Be8 39. Qc4 Kf8 40. Re1 Bf7 41. c6 Qe7 42. Nxf7 Kxf7 43. Rae3 Kg8 44. Rxe6 Qf7 45. Re8+ Kh7 46. Qxf7 Rxf7 47. c7 Rd7 48. cxd8=Q Raxd8 49. Rxd8 Rxd8 50. Rd1 Rd5 51. Bc7 Kg8 52. Bb6 Rb5 53. Bc7 Kf7 54. d5 Ke8 55. d6 Kd7 56. Ra1 g5 57. Rxa5 Rb1+ 58. Kh2 g6 59. Ra8 Rd1 60. Rg8 Rd2 61. f3 Ke6 62. Rxg6 Kf7 63. Rh6 Kg7 64. Rh5 Rd4 65. h4 Kg6 66. g4 Rd3 67. Kg3 Rd1 68. hxg5 fxg5 69. Rh8 Rd2 70. Rg8+ Kh6 71. Re8 Kg6 72. Re7 Kf6 73. Bd8 Rxd6 74. Rd7+ Ke6 75. Rxd6+ Kxd6 76. Bxg5 1-0

[Event "25th Abu Dhabi Master 2018"]
[Site "Abu Dhabi"]
[Date "2018.08.11"]
[Round "4"]
[White "Ajay Karthikeyan"]
[Black "Karthik Kumar Pradeep"]
[Result "1/2-1/2"]
[WhiteElo "2156"]
[BlackElo "2295"]
[Annotator "NA"]
[PlyCount "102"]
[EventDate "2018.08.05"]
[EventType "swiss"]
[EventCountry "UAE"]
[SourceTitle "playchess.com"]
[Source "ChessBase"]
[SourceQuality "1"]

1. d4 Nf6 2. Bf4 e6 3. e3 c5 4. Nf3 Be7 5. Nbd2 O-O 6. c3 cxd4 7. exd4 b6 8. h3 Bb7 9. Bd3 d6 10. O-O Nbd7 11. Bh2 Re8 12. Re1 Qc7 13. c4 Bf8 14. Qc2 Rac8 15. b4 h6 16. Qb2 Rcd8 17. Rac1 e5 18. Qb1 exd4 19. Nxd4 Ne5 20. Bf1 Qb8 21. Re3 Nc6 22. Rxe8 Rxe8 23. N2f3 Nxd4 24. Nxd4 Qd8 25. Bd3 Ne4 26. Re1 d5 27. cxd5 Qxd5 28. Bxe4 Rxe4 29. Rxe4 Qxe4 30. Qxe4 Bxe4 31. b5 Bd3 32. Bb8 a6 33. bxa6 Bxa6 34. Bc7 b5 35. Ba5 Bc5 36. Nc6 Bd6 37. Bb4 Bc7 38. Ne7+ Kh7 39. Nd5 Be5 40. Bc3 Bb8 41. Bd4 Bb7 42. Nb4 Bd6 43. a3 f6 44. f3 Kg6 45. Kf2 Kf5 46. g4+ Ke6 47. h4 g6 48. Be3 h5 49. gxh5 gxh5 50. Nd3 Bxa3 51. Bc5 b4 1/2-1/2

[Event "25th Abu Dhabi Master 2018"]
[Site "Abu Dhabi"]
[Date "2018.08.11"]
[Round "4"]
[White "Isha Sharma"]
[Black "Al-Zaabi, Sultan"]
[Result "1-0"]
[WhiteElo "2145"]
[BlackElo "1945"]
[Annotator "NA"]
[PlyCount "48"]
[EventDate "2018.08.05"]
[EventType "swiss"]
[EventCountry "UAE"]
[SourceTitle "playchess.com"]
[Source "ChessBase"]
[SourceQuality "1"]

1. e4 c6 2. d4 d5 3. Nd2 dxe4 4. Nxe4 Bf5 5. Ng3 Bg6 6. Bc4 e6 7. Nh3 h6 8. Nf4 Bh7 9. O-O Nf6 10. Ngh5 Nbd7 11. Re1 Nxh5 12. Nxe6 Qh4 13. g3 Qf6 14. Nxg7+ Kd8 15. Re8+ Kc7 16. Nxh5 Rxe8 17. Nxf6 Nxf6 18. Bxf7 Rd8 19. Qf3 Nd5 20. c4 Nb6 21. Qf6 Bb4 22. Bf4+ Kc8 23. Be6+ Nd7 24. Qe5 Bf8 1-0

[Event "25th Abu Dhabi Master 2018"]
[Site "Abu Dhabi"]
[Date "2018.08.11"]
[Round "4"]
[White "Al Hosani, Omran"]
[Black "Tokhirjonova, Gulrukhbegim"]
[Result "0-1"]
[WhiteElo "2135"]
[BlackElo "2350"]
[Annotator "NA"]
[PlyCount "126"]
[EventDate "2018.08.05"]
[EventType "swiss"]
[EventCountry "UAE"]
[SourceTitle "playchess.com"]
[Source "ChessBase"]
[SourceQuality "1"]

1. c4 e6 2. g3 d5 3. Bg2 Nf6 4. Nf3 Be7 5. O-O O-O 6. b3 c5 7. Bb2 Nc6 8. cxd5 exd5 9. d4 Be6 10. Na3 b6 11. Ne5 Rc8 12. Nxc6 Rxc6 13. Nc4 Rc8 14. Ne5 Qd6 15. Rc1 Rfd8 16. Ba3 Bf5 17. Nd3 Bxd3 18. exd3 Qd7 19. dxc5 Bxc5 20. Bb2 d4 21. Qf3 Bb4 22. Qb7 Bc3 23. Qxd7 Nxd7 24. Ba3 Ne5 25. Rfd1 g6 26. Rc2 Re8 27. h3 f5 28. Re2 Nf7 29. Rxe8+ Rxe8 30. Kf1 Kg7 31. Bd5 b5 32. Bc1 b4 33. a4 bxa3 34. Bxa3 Ne5 35. Bd6 Kf6 36. f4 Nd7 37. b4 Nb6 38. Be5+ Ke7 39. Bc6 Rc8 40. Bb7 Rd8 41. g4 Ke6 42. gxf5+ Kxf5 43. Bf3 Ke6 44. Bg4+ Ke7 45. Kf2 Rf8 46. Kg3 Nd7 47. Bxd7 Kxd7 48. Rb1 Kc6 49. b5+ Kc5 50. Bc7 Re8 51. Be5 Re7 52. Kg4 Rb7 53. Kg5 a5 54. Rb3 a4 55. Ra3 Kxb5 56. h4 Bb2 57. Ra2 a3 58. Bxd4 Bxd4 59. Rxa3 Rf7 60. Rb3+ Kc5 61. Rb8 Be3 62. Rc8+ Kd4 63. Rd8+ Kc3 0-1